Random Turkish City Codes reversed - Statistics

General Stats
  • This quiz has been taken 45 times
  • The average score is 26 of 50
Answer Stats
City Code % Correct
Adana 01
100%
Ankara 06
100%
Antalya 07
100%
Istanbul 34
100%
Malatya 44
100%
Samsun 55
100%
Trabzon 61
100%
Tunceli 62
86%
Hatay 31
83%
Rize 53
83%
Amasya 05
80%
Bursa 16
80%
Izmir 35
80%
Sivas 58
78%
Adiyaman 02
75%
Bolu 14
71%
Diyarbakir 21
70%
Agri 04
67%
Canakkale 17
67%
Edirne 22
67%
Erzurum 25
67%
Kocaeli 41
63%
Tokat 60
63%
Giresun 28
60%
Konya 42
60%
Mugla 48
60%
Ordu 52
60%
Siirt 56
60%
Düzce 81
60%
Artvin 08
57%
Kayseri 38
57%
Tekirdag 59
57%
Afyonkarahisar 03
50%
Aydin 09
50%
Balikesir 10
50%
Denizli 20
50%
Gaziantep 27
50%
Mersin 33
50%
Kastamonu 37
50%
Kirklareli 39
50%
Manisa 45
50%
Nigde 51
50%
Sinop 57
50%
Kirikkale 71
50%
Yozgat 66
44%
Bitlis 13
43%
Zonguldak 67
43%
Osmaniye 80
43%
Cankiri 18
40%
Nevsehir 50
40%
Van 65
40%
Aksaray 68
40%
Burdur 15
38%
Mardin 47
38%
Bartin 74
38%
Elazig 23
33%
Eskisehir 26
33%
Isparta 32
33%
Kirsehir 40
33%
Kütahya 43
33%
Sakarya 54
33%
Sanliurfa 63
33%
Kilis 79
33%
Kahramanmaras 46
29%
Karaman 70
29%
Bilecik 11
25%
Bingöl 12
25%
Corum 19
25%
Erzincan 24
25%
Sirnak 73
25%
Yalova 77
25%
Ardahan 75
22%
Igdir 76
22%
Bayburt 69
20%
Kars 36
17%
Mus 49
17%
Hakkari 30
14%
Usak 64
14%
Karabük 78
14%
Gümüshane 29
0%
Batman 72
0%
No matching quizzes found
Score Distribution
Percent of People with Each Score
Percentile by Number Answered
Your Score History
You have not taken this quiz